| 000 | 00570nam a22001937a 4500 | ||
|---|---|---|---|
| 005 | 20251108164044.0 | ||
| 008 | 250721s1983 xx 000 0 ara d | ||
| 082 | 1 | 4 | _a347.409565/أنس |
| 100 | 1 | _aالخمرة، أنس حسن | |
| 245 | 1 | 0 | _aشرح قانون المالكين و المستأجرين / |
| 264 | 1 |
_aعمان : _bجمعيه عمال المطابع التعاونيه، _c1983. |
|
| 300 | _a189ص | ||
| 650 | 1 | 7 | _aالقانون |
| 650 | 1 | 7 | _aالإيجار |
| 650 | 1 | 7 | _aالعقود |
| 650 | 1 | 7 | _aالأردن |
| 942 |
_2ddc _cBK |
||
| 999 |
_c2499 _d2499 |
||